书目信息 |
| 书名: | Ireland | |
| 作者: | Karen farrington | |
| 分册号: | ||
| 分册名: | 出版地: | China |
|
| 出版社: | Thunder bay p . r. e . s. s | |
| 出版时间: | 1998 | |
| 页数: | 144P | |
| 开本: | 26cm | |
| 丛书名: | ||
| 中图分类号: | ||
| 科图分类号: | ||
| 其他分类号: | J651 | |
| 主题词: | ||
| 电子资源: | ||
| 000 | 00390nam0 2200145 450 | |
| 001 | 202012207084 | |
| 005 | 20121114103557.0 | |
| 008 | 20010101s | |
| 020 | @a978-1-5714-5154-5@c$25.00 | |
| 099 | @dJ651@eK1834 | |
| 245 | 10 | @aIreland@cKaren farrington |
| 260 | 0 | @aChina@bThunder bay p . r. e . s. s .@c1998 |
| 300 | @a144P@c26cm | |
| 905 | @b11294-5 | |
| 905 | @aTSG@dJ651@eK1834 | |
| Ireland / Karen farrington.-China : Thunder bay p . r. e . s. s . , 1998 |
| 144P ; 26cm |
| ISBN 978-1-5714-5154-5$25.00 |
| ● |
| 相关链接 |
|
|
|
正题名:Ireland
索取号:J651/K1834
 
预约/预借
| 序号 | 登录号 | 条形码 | 馆藏地/架位号 | 状态 | 备注 |